000 01142cab a2200373 4500
001 ABS54121
008 090401t1995 xxu||||| |||| 00| 0 eng d
035 _a(Sirsi) u8662
041 _aeng
245 _aBuilding 500
260 _c1995
300 _aLOAN
350 _a0
490 _aBuilding
_v15 December 1995, (76)
520 _aSeventh annual league table of Europe`s top 300 contractors and 200 materials producers. Includes an article on European lobbying for green building practices and a profile on rebuilding Berlin. Also has a building directory of contractors and specialist services` suppliers.
650 _aAUSTRIA
650 _aBERLIN
650 _aBUILT ENVIRONMENT-BUILDING MATERIALS
650 _aCONSTRUCTION INDUSTRY
650 _aDIRECTIVE 89/106/EEC
650 _aECO MOVEMENT
650 _aENVIRONMENTALLY FRIENDLY BUILDINGS
650 _aGERMANY
650 _aGREENPEACE
650 _aIRELAND
650 _aLEAGUE TABLES
650 _aNETHERLANDS
650 _aPOLAND
650 _aSPAIN
650 _aSWEDEN
690 _aBUILT ENVIRONMENT
942 _n0
948 _c04/03/1997
999 _c5370
_d5370